Central Library OPAC University of Rajshahi

Crop-production in India : (Record no. 75262)

MARC details
000 -LEADER
fixed length control field 00878nam a2200289 a 4500
001 - CONTROL NUMBER
control field 75262
003 - CONTROL NUMBER IDENTIFIER
rucl marc code BD-RjUL
005 - DATE AND TIME OF LATEST TRANSACTION
control field 20211209082651.0
008 - FIXED-LENGTH DATA ELEMENTS--GENERAL INFORMATION
fixed length control field 190207s1924 enk 001 0 eng
035 ## - SYSTEM CONTROL NUMBER
System control number (BD-RjUL)75480
System control number (OCoLC)2215096
040 ## - CATALOGING SOURCE
Original cataloging agency DLC
Transcribing agency OClW
Modifying agency MnSU
-- DLC
-- BD-RjUL
Language of cataloging eng
041 ## - LANGUAGE CODE
Language code of text/sound track or separate title eng
043 ## - GEOGRAPHIC AREA CODE
Geographic area code a-ii---
055 #3 - CLASSIFICATION NUMBERS ASSIGNED IN CANADA
Classification number S471.I3
Item number H6
082 ## - DEWEY DECIMAL CLASSIFICATION NUMBER
Edition number 23
Classification number 630.954
Author mark and year HOC 1924
100 1# - MAIN ENTRY--PERSONAL NAME
Personal name Howard, Albert,
Dates associated with a name 1873-1947.
9 (RLIN) 227918
245 10 - TITLE STATEMENT
Title Crop-production in India :
Remainder of title a critical survey of its problems /
Statement of responsibility, etc. by Albert Howard.
260 ## - PUBLICATION, DISTRIBUTION, ETC. (IMPRINT)
Place of publication, distribution, etc. London:
Name of publisher, distributor, etc. Oxford University Press;
-- H. Milford,
Date of publication, distribution, etc. 1924.
300 ## - PHYSICAL DESCRIPTION
Pagination 200 p.;
Size 22 cm.
504 ## - BIBLIOGRAPHY, ETC. NOTE
Bibliography, etc Bibliography at end of each chapter.
650 #0 - SUBJECT ADDED ENTRY--TOPICAL TERM
Topical term or geographic name as entry element Agriculture
Geographic subdivision India.
9 (RLIN) 227919
Topical term or geographic name as entry element Crops and climate.
9 (RLIN) 227920
942 ## - ADDED ENTRY ELEMENTS (KOHA)
Source of classification or shelving scheme Dewey Decimal Classification
Koha item type Books
Holdings
Lost status Source of classification or shelving scheme Damaged status Not for loan Collection code Permanent Location Current Location Shelving location Date acquired Source of acquisition Total Checkouts Full call number Date last seen Copy number Koha item type
  Dewey Decimal Classification   Not For Loan Non-fiction Central Library, University of Rajshahi Central Library, University of Rajshahi Reading Room 14/01/1963 A. H. Qurishe   630.954 HOC 1924 07/02/2019 C-1 Books